[Event "Internationaux de France RAPIDE"]
[Site "Saint-Maur des Fosses, France"]
[Date "2024.06.15"]
[Round "1.1"]
[White "Touat, Kais"]
[Black "David, Alberto"]
[Result "0-1"]
[WhiteElo "1985"]
[BlackElo "2502"]
[PlyCount "85"]
[EventDate "2024.??.??"]

1. e4 {1} c5 {2} 2. Nf3 {2} e6 3. d4 {2} cxd4 {2} 4. Nxd4 {2} Nc6 {1} 5. Nc3 {
59} Qc7 {2} 6. Be3 {53} a6 {2} 7. Be2 {14} Nf6 {5} 8. O-O {12} Be7 {6} 9. Nb3 {
41} b5 {6} 10. a3 {2} Bb7 {2} 11. f4 {2} d6 {1} 12. Bf3 {2} O-O {12} 13. Qe1
Nd7 {31} 14. Qg3 {54} Nb6 {6} 15. f5 {70} Nc4 {4} 16. Bh6 {12} g6 {14} 17. Bxf8
{39} Bxf8 {3} 18. fxe6 {20} fxe6 {1} 19. Bg4 {6} Qe7 {18} 20. Qh3 {43} Re8 {8}
21. Rae1 {105} Nxb2 {76} 22. Nd5 {65} exd5 {3} 23. exd5 {1} Ne5 {2} 24. Be6+ {2
} Kh8 {7} 25. Rxe5 {42} Nc4 {232} 26. Re4 {285} Bc8 {72} 27. Rf7 {33} Qxf7 {1}
28. Bxf7 {1} Bxh3 {1} 29. Rxe8 {1} Kg7 30. Be6 {10} Bf5 {1} 31. Rd8 {7} Be7 {9}
32. Rd7 {1} Kf6 33. Nd4 {2} Nxa3 {7} 34. g4 {4} Bxe6 {9} 35. dxe6 {4} h6 {12}
36. Nc6 Kxe6 {6} 37. Rxe7+ {2} Kd5 38. Nb4+ {2} Kc4 {1} 39. Nxa6 {2} Nxc2 40.
Rc7+ {5} Kb3 {9} 41. Rc6 {3} d5 {7} 42. Nc5+ {5} Kc4 {19} 43. Nd7+ {5} 0-1

[Event "Internationaux de France RAPIDE"]
[Site "Saint-Maur des Fosses, France"]
[Date "2024.06.15"]
[Round "1.2"]
[White "Fressinet, Laurent"]
[Black "Thill-Solente, Gabriel"]
[Result "1/2-1/2"]
[WhiteElo "2633"]
[BlackElo "1984"]
[PlyCount "113"]
[EventDate "2024.??.??"]

1. d4 {3} d5 {4} 2. Nf3 {5} Nf6 {5} 3. c4 {3} dxc4 {3} 4. e3 {4} e6 {4} 5. Bxc4
{3} c5 {2} 6. O-O {6} a6 {3} 7. Nc3 {6} b5 {29} 8. Be2 {6} Bb7 {2} 9. dxc5 {10}
Nc6 {47} 10. Qc2 {41} Nb4 {42} 11. Qb3 {6} Bxc5 {5} 12. a4 {18} bxa4 {72} 13.
Nxa4 {39} Be7 {30} 14. Bd2 {36} Bd5 {25} 15. Bc4 {47} Rb8 {60} 16. Bxd5 {31}
Qxd5 {70} 17. Qxd5 {20} Nfxd5 {11} 18. Ne5 {53} Bf6 {11} 19. Nc4 {4} Ke7 {9}
20. e4 {9} Rhc8 {34} 21. Na5 {93} Nc2 {48} 22. exd5 {39} Nxa1 {4} 23. Nc6+ {16}
Rxc6 {2} 24. dxc6 {1} Nb3 {4} 25. c7 {54} Rc8 {19} 26. Bb4+ {3} Ke8 {3} 27. Bd6
{3} Bd4 {12} 28. Rd1 {10} Ba7 {30} 29. Kf1 {143} Nd4 {23} 30. Be5 {39} Nb5 {4}
31. Bxg7 {7} Rxc7 {55} 32. Bf6 {6} Rd7 {1} 33. Rc1 {16} Rc7 {1} 34. Rxc7 {81}
Nxc7 {1} 35. Nc3 Kd7 {14} 36. Be5 {22} Kc6 {10} 37. Ke2 {24} Nd5 {7} 38. Ne4 {4
} h6 {71} 39. g4 {19} Bb6 {99} 40. Nf6 {39} Nxf6 {31} 41. Bxf6 {1} Kd5 {20} 42.
b3 {1} Bd4 {39} 43. Be7 {2} Bc5 {3} 44. Bd8 {12} Ke4 {2} 45. f3+ {13} Kd5 {63}
46. h4 {7} Bd6 {7} 47. Kd3 {8} Ke5 {4} 48. Ke3 {17} Bc5+ 49. Ke2 Kf4 {2} 50.
Bf6 {2} Bd6 {9} 51. Bg7 {6} Kg3 {5} 52. h5 {5} Bf4 53. Bf6 {1} Kg2 {2} 54. g5 {
7} hxg5 {2} 55. h6 g4 56. fxg4 {5} Bxh6 57. g5 {4} 1/2-1/2

[Event "Internationaux de France RAPIDE"]
[Site "Saint-Maur des Fosses, France"]
[Date "2024.06.15"]
[Round "1.3"]
[White "Keller, Christophe"]
[Black "Moussard, Jules"]
[Result "0-1"]
[WhiteElo "1971"]
[BlackElo "2610"]
[PlyCount "68"]
[EventDate "2024.??.??"]

1. e4 {1} c6 {4} 2. d4 {3} d5 {1} 3. exd5 {2} cxd5 {1} 4. c4 Nf6 {10} 5. Nc3 {3
} Nc6 {50} 6. Nf3 {17} e6 {16} 7. c5 {31} Ne4 {67} 8. Bb5 {77} Bd7 {25} 9. O-O
{43} Be7 {2} 10. Bxc6 {15} Bxc6 {2} 11. Ne5 {10} O-O {20} 12. Nxc6 {75} bxc6 {2
} 13. Bf4 {106} Bg5 {33} 14. Bxg5 {39} Nxg5 {13} 15. Qe2 {19} h6 {5} 16. f4 {9}
Nh7 {2} 17. f5 {11} Re8 {6} 18. Qf2 {63} e5 {31} 19. dxe5 {12} Rxe5 20. Rae1 {8
} Rxe1 {38} 21. Rxe1 {2} Nf6 {4} 22. Qd4 {27} Rb8 {5} 23. b4 {10} a5 {16} 24.
a3 {19} axb4 {2} 25. axb4 {1} Qd7 {6} 26. Re5 {23} Ra8 {16} 27. b5 {17} Ra1+ {
45} 28. Kf2 {1} Kh7 {235} 29. bxc6 {47} Qxc6 {2} 30. Nxd5 {19} Ra2+ {2} 31. Kg1
{5} Qb7 {22} 32. Qb4 {147} Qxb4 {28} 33. Nxb4 {2} Ra1+ {2} 34. Kf2 Ng4+ {3} 0-1

[Event "Internationaux de France RAPIDE"]
[Site "Saint-Maur des Fosses, France"]
[Date "2024.06.15"]
[Round "1.4"]
[White "Dardha, Daniel"]
[Black "Orfila, Kristofer"]
[Result "1-0"]
[WhiteElo "2649"]
[BlackElo "1983"]
[PlyCount "125"]
[EventDate "2024.??.??"]

1. d4 Nf6 {3} 2. c4 {2} e6 {3} 3. Nf3 {2} b6 {11} 4. g3 {2} Ba6 {3} 5. b3 {14}
Bb4+ {3} 6. Bd2 {2} Be7 {2} 7. Nc3 {6} d5 {82} 8. cxd5 {2} exd5 {1} 9. Bg2 {1}
O-O {21} 10. O-O {2} Nbd7 {30} 11. Bf4 {30} c5 {59} 12. dxc5 {3} Nxc5 {1} 13.
Nd4 {4} Bb7 {3} 14. Nf5 {3} Re8 {79} 15. Nxe7+ {17} Qxe7 {36} 16. Re1 {21} Rad8
{38} 17. Nb5 {6} a6 {31} 18. Nd4 {8} Nfe4 {27} 19. Rc1 {19} h6 {25} 20. Rc2 {26
} Qf6 {26} 21. Be3 {38} Rc8 {31} 22. Qa1 {45} Ne6 {64} 23. Rec1 {22} Rxc2 {9}
24. Rxc2 {1} Rc8 {19} 25. Rxc8+ {16} Bxc8 {2} 26. Qb2 {111} N6g5 {43} 27. f3 {
34} Nc5 {38} 28. h4 {46} Nge6 {25} 29. Qd2 {3} Bd7 {30} 30. Nxe6 {9} fxe6 {46}
31. Bd4 {2} Qe7 {1} 32. Qe3 {23} Qd6 {46} 33. Kh2 {2} Be8 {20} 34. Bh3 {16} Bf7
{1} 35. Bb2 {5} Nd7 {39} 36. Qc3 {1} Nf6 {14} 37. Qd4 {42} Bg6 {48} 38. Qe5 {63
} Qxe5 {11} 39. Bxe5 {3} Kf7 {5} 40. Bd4 {18} Nd7 {9} 41. b4 {4} Bf5 {3} 42. g4
{66} Bb1 {5} 43. a3 {4} e5 {8} 44. Bb2 {1} d4 {15} 45. Kg3 {2} Ke6 {5} 46. f4 {
34} Kd5 {14} 47. g5 {4} exf4+ {11} 48. Kxf4 {2} Ne5 {1} 49. Bg2+ Kd6 {5} 50.
Bxd4 {1} Ng6+ {2} 51. Kg3 {5} hxg5 {2} 52. hxg5 {1} Ne5 {2} 53. Bxb6 {3} Nc4 {
11} 54. Bc5+ {14} Ke6 {3} 55. a4 {4} Bc2 {3} 56. a5 {5} Ne5 {6} 57. Bb7 {3} Nf7
{4} 58. Bxa6 {7} Nxg5 {2} 59. Bc8+ {3} Kd5 {2} 60. Bb7+ {3} Kc4 {2} 61. a6 {2}
Ne4+ {4} 62. Kh2 {6} Nxc5 {4} 63. bxc5 {Kd5 [%emt 00:00:07] 2} 1-0

[Event "Internationaux de France RAPIDE"]
[Site "Saint-Maur des Fosses, France"]
[Date "2024.06.15"]
[Round "1.5"]
[White "Emmenecker, Philippe"]
[Black "Lagarde, Maxime"]
[Result "0-1"]
[WhiteElo "1981"]
[BlackElo "2604"]
[PlyCount "54"]
[EventDate "2024.??.??"]

1. d4 Nf6 {2} 2. c4 {2} c5 {1} 3. d5 {2} g6 {2} 4. Nc3 {2} Bg7 {1} 5. e4 {2} d6
{1} 6. f4 {2} O-O {17} 7. Nf3 e6 {94} 8. Be2 {3} exd5 {6} 9. exd5 {2} Bf5 {30}
10. O-O {7} Re8 {69} 11. Bd3 {4} Qd7 {80} 12. Qc2 {12} Bxd3 {19} 13. Qxd3 {1}
Na6 {3} 14. a3 {72} Nc7 {6} 15. a4 {16} Na6 {3} 16. f5 {30} Nb4 {4} 17. Qb1 {1}
Ng4 {63} 18. h3 {97} Ne3 {11} 19. Bxe3 {42} Rxe3 {2} 20. Ng5 {276} Qe7 {97} 21.
Nce4 {118} Qe5 {58} 22. Ra3 {30} Re2 {20} 23. fxg6 {129} fxg6 {2} 24. Raf3 {36}
Re8 {30} 25. Qd1 {27} Rxe4 {30} 26. Nxe4 {8} Qxe4 {2} 27. b3 {11} Nc2 {35} 0-1

[Event "Internationaux de France RAPIDE"]
[Site "Saint-Maur des Fosses, France"]
[Date "2024.06.15"]
[Round "1.6"]
[White "Velten, Paul"]
[Black "Samouelian, Solal"]
[Result "1-0"]
[WhiteElo "2504"]
[BlackElo "1973"]
[PlyCount "63"]
[EventDate "2024.??.??"]

1. d4 {2} Nf6 {1} 2. c4 {2} e6 {2} 3. Nf3 {2} Bb4+ {3} 4. Nbd2 {2} O-O {25} 5.
a3 {3} Bxd2+ {2} 6. Qxd2 {2} b6 {10} 7. e3 {4} Bb7 {4} 8. Be2 {15} d6 9. O-O {4
} Nbd7 {10} 10. b4 {5} Ne4 {19} 11. Qc2 {2} f5 {5} 12. Ne1 {7} c5 {50} 13. f3 {
7} Ng5 {19} 14. Nd3 {26} Rc8 {18} 15. Qa2 {76} b5 {147} 16. dxc5 {18} bxc4 {107
} 17. Nf4 {130} dxc5 18. h4 {23} Nf7 {15} 19. Nxe6 {7} Qxh4 {55} 20. Nxf8 {8}
Rxf8 {15} 21. Qxc4 {4} Qf6 {11} 22. Rb1 {29} cxb4 {19} 23. Qxb4 {14} Ba6 {15}
24. Bb2 {15} Qe6 {25} 25. Bxa6 {7} Qxa6 {3} 26. Qf4 {8} Qe6 {31} 27. Bd4 {13}
a6 {37} 28. Rfc1 {7} Nfe5 {30} 29. Qg3 {26} g6 {18} 30. Rc7 {13} Qd6 {65} 31.
Rxd7 {20} Qxd7 {6} 32. Qxe5 {3} 1-0

[Event "Internationaux de France RAPIDE"]
[Site "Saint-Maur des Fosses, France"]
[Date "2024.06.15"]
[Round "1.7"]
[White "Sahetchian, Armand"]
[Black "Bellahcene, Bilel"]
[Result "0-1"]
[WhiteElo "1972"]
[BlackElo "2544"]
[PlyCount "54"]
[EventDate "2024.??.??"]

1. d4 {2} Nf6 {2} 2. c4 {3} b6 {2} 3. Nc3 {9} Bb7 {1} 4. Nf3 {16} e6 {3} 5. e3
{30} Bb4 {2} 6. a3 {14} Bxc3+ {3} 7. bxc3 {1} Ne4 {1} 8. Bd3 {49} f5 {5} 9. Qc2
{6} O-O {4} 10. O-O {79} Rf6 {18} 11. Nd2 {81} Rh6 {26} 12. d5 {144} exd5 {144}
13. cxd5 {30} Bxd5 {2} 14. Nxe4 {44} Qh4 {55} 15. Nf6+ {152} gxf6 {7} 16. f3 {
48} Qxh2+ {7} 17. Kf2 Rg6 {36} 18. Rg1 {36} Bxf3 {2} 19. Kxf3 {55} Qxg1 {14}
20. Bb2 {28} Qh2 {2} 21. Qb3+ {59} Kg7 {1} 22. Bf1 {44} Nc6 {4} 23. Rd1 {3}
Ne5+ {2} 24. Kf2 Re8 {5} 25. Qa4 {7} Rxg2+ {14} 26. Bxg2 {12} Ng4+ 27. Kf1 {17}
Nxe3+ {2} 0-1

[Event "Internationaux de France RAPIDE"]
[Site "Saint-Maur des Fosses, France"]
[Date "2024.06.15"]
[Round "1.8"]
[White "Yuffa, Daniil"]
[Black "El Karoui, Noe"]
[Result "1-0"]
[WhiteElo "2609"]
[BlackElo "1971"]
[PlyCount "41"]
[EventDate "2024.??.??"]

1. d4 {2} Nf6 {2} 2. c4 {2} g6 {2} 3. Nc3 {1} Bg7 {5} 4. e4 {2} d6 {2} 5. Nf3 {
2} O-O {4} 6. Be2 {2} e5 {4} 7. O-O {2} Nc6 {3} 8. d5 {2} Ne7 {2} 9. b4 {1} Nh5
{56} 10. Re1 {2} Nf4 {18} 11. Bf1 {3} a5 {16} 12. bxa5 {17} f5 {35} 13. Bxf4 {
51} exf4 {4} 14. e5 {2} g5 {82} 15. exd6 {135} Qxd6 {49} 16. Nb5 {20} Qc5 {120}
17. Nxg5 {45} Bxa1 {87} 18. Qh5 {26} h6 {100} 19. Qxh6 {13} Rf6 {31} 20. Qh7+ {
4} Kf8 21. Rxe7 {26} 1-0

[Event "Internationaux de France RAPIDE"]
[Site "Saint-Maur des Fosses, France"]
[Date "2024.06.15"]
[Round "2.1"]
[White "David, Alberto"]
[Black "Boumrar, Ayrad"]
[Result "1-0"]
[WhiteElo "2502"]
[BlackElo "2149"]
[PlyCount "41"]
[EventDate "2024.??.??"]

1. Nf3 {2} c5 {1} 2. e4 {5} e6 {1} 3. d3 {10} Nc6 {6} 4. g3 {1} g6 {10} 5. Bg5
{10} Qb6 {83} 6. Nbd2 {15} Bg7 {2} 7. Nc4 {5} Qc7 {22} 8. Bf4 {98} e5 {12} 9.
Bd2 {1} Nge7 {21} 10. Bg2 {5} O-O {3} 11. h4 {36} d6 {68} 12. h5 {3} Bg4 {36}
13. Ne3 {2} Bxf3 {5} 14. Qxf3 {6} Nd4 {69} 15. Qd1 {6} b5 {180} 16. c3 {9} Ne6
{1} 17. hxg6 {44} fxg6 {42} 18. Qb3 {26} c4 {17} 19. Qxb5 {2} Kh8 {179} 20.
Qxc4 {3} Nc5 {41} 21. b4 {9} 1-0

[Event "Internationaux de France RAPIDE"]
[Site "Saint-Maur des Fosses, France"]
[Date "2024.06.15"]
[Round "2.2"]
[White "Moussard, Jules"]
[Black "Degardin, Sylvain"]
[Result "1-0"]
[WhiteElo "2610"]
[BlackElo "2125"]
[PlyCount "63"]
[EventDate "2024.??.??"]

1. e4 {2} c5 {3} 2. Nf3 {3} d6 {3} 3. d4 {6} cxd4 {3} 4. Qxd4 {3} Nc6 {18} 5.
Qe3 {2} g6 {12} 6. h3 {27} Bg7 {7} 7. Nc3 {2} Nf6 {13} 8. Bc4 {5} O-O {16} 9.
O-O {4} Nd7 {81} 10. Rd1 {22} b6 {47} 11. Qf4 {17} Bb7 {55} 12. Qh4 {3} Nce5 {
79} 13. Nxe5 {2} Nxe5 {6} 14. Bb3 {1} Nd7 {139} 15. Bg5 {40} Bf6 {105} 16. Bxf6
{28} Nxf6 {2} 17. e5 {4} Ne8 {13} 18. Nb5 {139} a6 {64} 19. exd6 {9} Nxd6 {7}
20. Nxd6 {4} exd6 {2} 21. Qf4 {2} d5 {72} 22. c4 {7} Rc8 {25} 23. cxd5 {8} Rc5
{7} 24. Rd3 {27} Qd7 {15} 25. Re1 {14} Qb5 {82} 26. Red1 {49} Qd7 {55} 27. Re3
{20} Re8 {29} 28. Rxe8+ {13} Qxe8 {1} 29. Qf6 {53} b5 {20} 30. d6 {76} Qd7 {5}
31. Qxf7+ {11} Qxf7 {3} 32. d7 {22} 1-0

[Event "Internationaux de France RAPIDE"]
[Site "Saint-Maur des Fosses, France"]
[Date "2024.06.15"]
[Round "2.3"]
[White "Carpentier, Pierre"]
[Black "Dardha, Daniel"]
[Result "0-1"]
[WhiteElo "2153"]
[BlackElo "2649"]
[PlyCount "60"]
[EventDate "2024.??.??"]

1. d4 {1} Nf6 {3} 2. Bg5 {4} c6 {2} 3. Nc3 {17} d5 {9} 4. e3 {23} h6 {4} 5.
Bxf6 {15} exf6 {2} 6. Bd3 {20} Bd6 {8} 7. Qf3 {38} Be6 {17} 8. Nge2 {10} O-O {
25} 9. O-O-O {59} b5 {2} 10. Nf4 {5} Bxf4 {22} 11. Qxf4 {22} Nd7 {9} 12. g4 {20
} Qa5 {68} 13. Kb1 {5} b4 {2} 14. Ne2 {2} c5 {1} 15. dxc5 {9} d4 {5} 16. Nc1 {
112} Nxc5 {50} 17. exd4 {71} Nxd3 {2} 18. Rxd3 {15} Rac8 {1} 19. Rhd1 {69} Qd5
{18} 20. f3 {30} a5 {17} 21. Qe4 {26} Qc4 {7} 22. R3d2 {18} Bd5 {2} 23. Qd3 {17
} Qc6 {1} 24. Nb3 {28} Rfd8 {24} 25. Rf2 {39} Bc4 {34} 26. Nxa5 {46} Bxa2+ {2}
27. Kxa2 {8} Qa4+ {1} 28. Kb1 {4} Qxa5 {1} 29. Qb3 {26} Ra8 {7} 30. c3 {43}
bxc3 {2} 0-1

[Event "Internationaux de France RAPIDE"]
[Site "Saint-Maur des Fosses, France"]
[Date "2024.06.15"]
[Round "2.4"]
[White "Lagarde, Maxime"]
[Black "Arnaud, Aurelien"]
[Result "1-0"]
[WhiteElo "2604"]
[BlackElo "2107"]
[PlyCount "59"]
[EventDate "2024.??.??"]

1. e4 e5 {2} 2. Nc3 {2} Nf6 {3} 3. f4 {2} d5 {18} 4. fxe5 {2} Nxe4 {19} 5. Qf3
{2} Nxc3 {41} 6. dxc3 {2} Nc6 {76} 7. Bf4 {2} h5 {66} 8. Bb5 {252} Bg4 {67} 9.
Qf2 {31} g5 {92} 10. Be3 {15} Qe7 {30} 11. Bxc6+ {70} bxc6 {2} 12. h3 {2} Be6 {
31} 13. Nf3 {7} g4 {47} 14. hxg4 {9} Bxg4 {8} 15. O-O-O {11} Bh6 {19} 16. Kb1 {
57} Bxe3 {70} 17. Qxe3 {2} a5 {32} 18. Rdf1 {70} Rg8 {52} 19. Nd4 {16} Ra6 {7}
20. Rf6 {44} Rg6 {41} 21. Rxg6 {87} fxg6 {2} 22. Qd3 {1} Rb6 {29} 23. Qxg6+ {23
} Kd7 {10} 24. e6+ {36} Kc8 {14} 25. Qf7 {32} Qg5 {153} 26. e7 {13} Bd7 {6} 27.
Ne6 {42} Qxg2 {20} 28. Rc1 {2} Qh3 {16} 29. Nc5 {9} Qxc3 {9} 30. Qf8+ {3} 1-0

[Event "Internationaux de France RAPIDE"]
[Site "Saint-Maur des Fosses, France"]
[Date "2024.06.15"]
[Round "2.5"]
[White "Leconte, Jean-Olivier"]
[Black "Velten, Paul"]
[Result "0-1"]
[WhiteElo "2141"]
[BlackElo "2504"]
[PlyCount "70"]
[EventDate "2024.??.??"]

1. e4 {1} e6 {5} 2. Nf3 {2} d5 {3} 3. e5 {2} Bd7 {3} 4. a3 {4} a6 {3} 5. d4 {42
} c5 {21} 6. c3 {43} Bb5 {12} 7. Bxb5+ {118} axb5 {3} 8. dxc5 {3} Bxc5 {5} 9.
O-O {12} h6 {5} 10. Nbd2 {11} Ne7 {16} 11. Nb3 {5} Na6 {4} 12. Qe2 {30} Qb6 {24
} 13. Nxc5 {16} Qxc5 {3} 14. Be3 {137} Qc4 {4} 15. Qd1 {30} Nf5 {4} 16. Bd4 {18
} O-O {15} 17. Rc1 {62} Rfc8 {5} 18. Re1 {16} Qc6 {19} 19. g4 {10} Ne7 {3} 20.
Nh4 {31} Nc5 {18} 21. f4 {8} Ne4 {4} 22. f5 {33} Qd7 {114} 23. Rf1 {7} Ra6 {17}
24. Rc2 {9} Nc6 {15} 25. Rg2 {89} Nxd4 {8} 26. Qxd4 {31} Rc4 {3} 27. Qd3 {8}
Ng5 {19} 28. f6 {37} Re4 {27} 29. fxg7 {3} Raa4 {9} 30. Qd1 {43} Qc7 {15} 31.
Nf3 {11} Rf4 {73} 32. Nd4 {41} Qxe5 {12} 33. Re1 {25} Re4 {26} 34. Rxe4 {15}
Qxe4 {4} 35. Qf1 {11} Nh3+ {9} 0-1

[Event "Internationaux de France RAPIDE"]
[Site "Saint-Maur des Fosses, France"]
[Date "2024.06.15"]
[Round "2.6"]
[White "Bellahcene, Bilel"]
[Black "De Seroux, Camille"]
[Result "1-0"]
[WhiteElo "2544"]
[BlackElo "2103"]
[PlyCount "101"]
[EventDate "2024.??.??"]

1. e4 {1} Nc6 {2} 2. d4 {11} d5 {2} 3. Nc3 {2} dxe4 {19} 4. d5 {2} Nb8 {11} 5.
Bg5 {2} h6 {61} 6. Bh4 {3} c6 {36} 7. Bc4 {9} Bf5 {84} 8. Nge2 {14} Nf6 {38} 9.
O-O {57} g5 {60} 10. Bg3 {3} Bg7 {10} 11. d6 {89} e6 {149} 12. h3 {15} O-O {14}
13. a4 {2} a5 {21} 14. Re1 {20} Nbd7 {14} 15. Qd2 {9} Nb6 {22} 16. Bb3 {18}
Nbd5 {7} 17. Rad1 Qb6 {25} 18. Nd4 {216} Bg6 {18} 19. Nb1 {8} Rad8 {39} 20. Na3
{16} Nh5 {50} 21. Bh2 {16} e5 {26} 22. Nc4 {7} Qxd4 {5} 23. Qxa5 {83} b6 {22}
24. Rxd4 {91} bxa5 {2} 25. Bxe5 {2} Bxe5 {26} 26. Nxe5 {1} Rxd6 {7} 27. c4 {2}
Rb8 {47} 28. Bd1 {88} Rxb2 {69} 29. Bxh5 {2} Bxh5 {7} 30. cxd5 {25} cxd5 {13}
31. g4 {2} Bg6 {31} 32. Red1 {47} Rb4 {19} 33. Nc4 {3} Rc6 {10} 34. Nxa5 {73}
Rxd4 {4} 35. Rxd4 {1} Rc1+ {10} 36. Kg2 e3 {12} 37. fxe3 {1} Be4+ {1} 38. Kf2
Rc2+ {4} 39. Ke1 Rc1+ {5} 40. Kd2 {2} Rc2+ {1} 41. Kd1 Rh2 {3} 42. Kc1 {38}
Rxh3 {2} 43. Nb3 {1} Rxe3 {3} 44. Kb2 {2} Re2+ {1} 45. Ka3 {2} Bc2 {5} 46. Nc5
{6} Re3+ {7} 47. Kb4 {1} Be4 {5} 48. a5 {1} Re1 {2} 49. a6 {17} Rb1+ {1} 50.
Ka5 {2} f5 {4} 51. a7 {5} 1-0

[Event "Internationaux de France RAPIDE"]
[Site "Saint-Maur des Fosses, France"]
[Date "2024.06.15"]
[Round "2.7"]
[White "Malassagne, Isabelle"]
[Black "Yuffa, Daniil"]
[Result "0-1"]
[WhiteElo "2127"]
[BlackElo "2609"]
[PlyCount "54"]
[EventDate "2024.??.??"]

1. d4 {2} Nf6 {5} 2. c4 {2} g6 {2} 3. Nc3 {2} Bg7 {5} 4. e4 {2} d6 {3} 5. f4 {
12} O-O {4} 6. Nf3 {2} c5 {2} 7. d5 {2} e6 {3} 8. Be2 {2} exd5 {4} 9. cxd5 {3}
Bg4 {66} 10. O-O {4} Na6 {43} 11. e5 {195} Nh5 {11} 12. h3 {32} Bxf3 {6} 13.
Bxf3 {11} Ng3 {2} 14. Re1 {2} Qh4 {70} 15. Ne4 {207} dxe5 {47} 16. fxe5 {2} h6
{75} 17. Nf6+ {128} Bxf6 {4} 18. exf6 {2} Nf5 {108} 19. Bg4 {18} Rfe8 {69} 20.
Bd2 {58} Nd4 {117} 21. d6 {66} h5 {11} 22. d7 {54} Red8 {19} 23. Ba5 {25} b6 {
38} 24. Bf3 {30} Rab8 {93} 25. Bc3 {1} Rxd7 {25} 26. Rf1 {27} Nc7 {25} 27. Qa4
{12} Nxf3+ {4} 0-1

[Event "Internationaux de France RAPIDE"]
[Site "Saint-Maur des Fosses, France"]
[Date "2024.06.15"]
[Round "2.8"]
[White "Dourerassou, Jonathan"]
[Black "Boulos, Paul"]
[Result "1-0"]
[WhiteElo "2422"]
[BlackElo "2097"]
[PlyCount "55"]
[EventDate "2024.??.??"]

1. d4 d5 {2} 2. Bf4 {2} Nf6 {4} 3. e3 {2} e6 {4} 4. Nf3 {3} Bd6 {4} 5. Bg3 {2}
O-O {6} 6. Nbd2 {2} c5 {7} 7. c3 {2} Qc7 {11} 8. Bd3 {4} Nbd7 {7} 9. Qe2 {13}
e5 {20} 10. dxe5 {30} Nxe5 {4} 11. Nxe5 {10} Bxe5 {4} 12. Nf3 {3} Bxg3 {70} 13.
hxg3 {3} h6 {7} 14. O-O-O {25} Bg4 {21} 15. Rh4 {3} d4 {68} 16. exd4 {263} cxd4
{33} 17. c4 {6} b5 {176} 18. Kb1 {40} Rfe8 {171} 19. Qc2 {9} bxc4 {36} 20. Qxc4
{22} Qb6 {34} 21. Qb5 {72} Qd6 {28} 22. Bc2 {31} Rac8 {90} 23. Qd3 {47} h5 {63}
24. Rc1 {70} Ne4 {54} 25. Nxd4 {21} Rcd8 {43} 26. f3 {5} Qxd4 {13} 27. Qxd4 {4}
Rxd4 {3} 28. Bxe4 {2} 1-0

[Event "Internationaux de France RAPIDE"]
[Site "Saint-Maur des Fosses, France"]
[Date "2024.06.15"]
[Round "3.1"]
[White "Osmak, Yuliia"]
[Black "David, Alberto"]
[Result "0-1"]
[WhiteElo "2348"]
[BlackElo "2502"]
[PlyCount "140"]
[EventDate "2024.??.??"]

1. c4 {1} e5 {4} 2. Nc3 {5} Nf6 {4} 3. Nf3 {2} Nc6 {3} 4. g3 {3} Bc5 {17} 5. d3
{50} h6 {20} 6. Bg2 {3} d6 {3} 7. O-O {7} a6 {2} 8. e3 {9} O-O {21} 9. d4 {16}
exd4 {8} 10. exd4 {6} Ba7 {2} 11. Be3 {16} Ne7 {42} 12. Qd2 {62} Nf5 {7} 13.
Rae1 {29} Rb8 {8} 14. a4 {31} c6 {8} 15. Qd3 {32} b5 {45} 16. axb5 {6} axb5 {1}
17. cxb5 {29} cxb5 {23} 18. Ra1 {16} Qb6 {68} 19. Nxb5 {299} Qxb5 {14} 20. Qxb5
{7} Rxb5 {1} 21. Rxa7 {3} Nxe3 {10} 22. fxe3 {1} Rxb2 {2} 23. Rf2 {39} Rb3 {12}
24. Re2 {14} Be6 {44} 25. e4 {24} Rc8 {23} 26. Ra1 {6} Bg4 {5} 27. Rf1 {57}
Rcc3 {8} 28. e5 {11} dxe5 {67} 29. dxe5 {3} Nd5 30. Rd2 {201} Rd3 {120} 31.
Rxd3 {2} Rxd3 {1} 32. Ne1 {9} Rd4 {2} 33. h3 {2} Be6 {8} 34. Nf3 {2} Rd3 {17}
35. Re1 Ne3 {10} 36. g4 {9} Nxg2 {45} 37. Kxg2 {1} Bd5 38. Rf1 {1} g5 {18} 39.
Rf2 {7} Kf8 {5} 40. Kg3 {2} Ke7 {1} 41. Kg2 {3} Ke6 {3} 42. Kg3 {1} Re3 {216}
43. Rf1 Be4 {10} 44. Rf2 {2} Kd5 {1} 45. Rd2+ {6} Kc4 {7} 46. Rf2 {6} Kc3 {1}
47. Rf1 {4} Kd3 {4} 48. Rf2 {1} Bd5 {52} 49. Rd2+ {2} Kc4 {4} 50. Rf2 {2} Be4 {
7} 51. Rf1 {2} Kd5 {5} 52. Rf2 {2} Ke6 {8} 53. Rf1 {1} Ke7 54. Rf2 Kf8 55. Rf1
{6} Kg7 56. Rf2 {1} Kg6 {1} 57. Rf1 {2} h5 {1} 58. gxh5+ {10} Kxh5 {1} 59. Rf2
{3} Kg6 {1} 60. Rf1 {5} Kf5 {2} 61. Rf2 {3} Rxf3+ {3} 62. Rxf3+ {1} Bxf3 {1}
63. Kxf3 {2} Kxe5 64. Kg4 {4} f6 65. Kf3 {7} f5 {8} 66. Ke3 {2} Kd5 67. Kd3 {2}
Kc5 68. Ke3 {2} Kc4 {1} 69. Kf3 {2} Kd4 {1} 70. Kg3 {2} Ke5 {62} 0-1

[Event "Internationaux de France RAPIDE"]
[Site "Saint-Maur des Fosses, France"]
[Date "2024.06.15"]
[Round "3.2"]
[White "Stephan, Victor"]
[Black "Moussard, Jules"]
[Result "0-1"]
[WhiteElo "2296"]
[BlackElo "2610"]
[PlyCount "80"]
[EventDate "2024.??.??"]

1. d4 {3} Nf6 {3} 2. c4 {3} e6 {2} 3. Nc3 {4} d5 {4} 4. cxd5 {5} exd5 {2} 5.
Bg5 {3} c6 {2} 6. e3 {3} h6 {2} 7. Bh4 {2} Be7 {2} 8. Bd3 {3} O-O {4} 9. Nf3 {3
} Ne4 {8} 10. Bxe7 {6} Qxe7 {1} 11. Qc2 {20} Re8 {4} 12. O-O {18} Nd7 {50} 13.
Bxe4 {53} dxe4 {3} 14. Nd2 {2} Nf6 {100} 15. Rae1 {31} b6 {52} 16. f3 {34} Ba6
{14} 17. Rf2 {109} exf3 {16} 18. Rxf3 {45} Rad8 {10} 19. Qa4 {33} Bc8 {58} 20.
Ref1 {29} c5 {29} 21. Nb3 {65} Bb7 {25} 22. Rg3 {57} Nh5 {27} 23. Rh3 {10} Qg5
{4} 24. e4 {83} Bxe4 {25} 25. Nxe4 {15} Rxe4 {2} 26. Qc6 {69} Rf4 {162} 27.
dxc5 {106} Rxf1+ {35} 28. Kxf1 {1} Nf4 {12} 29. Re3 {40} Rd1+ {103} 30. Re1 {1}
Rxe1+ {6} 31. Kxe1 {1} Qe5+ {95} 32. Kd2 {29} Qxb2+ {3} 33. Ke3 {50} Nxg2+ {17}
34. Ke4 {6} Qe2+ {25} 35. Kd4 {2} bxc5+ {4} 36. Nxc5 {22} Qd2+ {28} 37. Nd3 {29
} Qxa2 {12} 38. Ne5 {11} Qd2+ {8} 39. Ke4 {4} Qe3+ {3} 40. Kd5 {1} Nf4+ {2} 0-1

[Event "Internationaux de France RAPIDE"]
[Site "Saint-Maur des Fosses, France"]
[Date "2024.06.15"]
[Round "3.3"]
[White "Dardha, Daniel"]
[Black "Fruchard, Cyrille"]
[Result "1-0"]
[WhiteElo "2649"]
[BlackElo "2299"]
[PlyCount "101"]
[EventDate "2024.??.??"]

1. c4 {2} Nf6 {2} 2. g3 {2} g6 {6} 3. Bg2 {3} Bg7 {2} 4. Nc3 {2} O-O {5} 5. d4
{3} d6 {7} 6. Nf3 {4} Nc6 {19} 7. O-O {4} a6 {15} 8. Bf4 {7} Rb8 {10} 9. Rc1 {1
} Nh5 {31} 10. Bg5 {7} h6 {6} 11. Be3 {2} e6 {51} 12. d5 {7} Ne7 {19} 13. dxe6
{23} Bxe6 {12} 14. b3 {28} Nf6 {5} 15. Nd4 {16} Bd7 {15} 16. Qd2 {12} Kh7 {7}
17. h3 {3} Nc6 {99} 18. Rfd1 {62} Re8 {72} 19. c5 {40} dxc5 {95} 20. Nxc6 {2}
Bxc6 {3} 21. Bxc6 {5} bxc6 {4} 22. Qxd8 {38} Rbxd8 {4} 23. Rxd8 {2} Rxd8 {1}
24. Na4 {50} c4 {51} 25. bxc4 {109} Ne4 {37} 26. Rc2 {118} Rd1+ {92} 27. Kg2 {1
} Nd6 {48} 28. Nc5 {60} a5 {2} 29. Nd3 {75} Ra1 {49} 30. Bf4 {31} Rb1 {91} 31.
a4 {32} Ra1 {17} 32. c5 {1} Ne8 {11} 33. Rc4 {1} Ra2 {11} 34. Kf3 {25} g5 {52}
35. Be5 {2} Ra3 {4} 36. Bd4 {30} Nf6 {49} 37. Bb2 {25} Rb3 {10} 38. Rc3 {33}
Rb8 {2} 39. Rc2 {1} Nd7 {6} 40. Bc1 {52} Rb3 {2} 41. Bd2 {24} Ra3 {2} 42. Bxa5
{15} Rxa4 {3} 43. Bxc7 {3} Ra3 {2} 44. Kg2 {2} Kg6 {3} 45. Bd6 {19} Kf6 46. Nb4
{2} Ke6 {3} 47. Nxc6 {2} Bf6 {6} 48. e4 {8} h5 {2} 49. e5 {11} Bg7 {1} 50. Nd8+
{6} Kd5 {2} 51. c6 1-0